000 00302nam a2200133Ia 4500
005 20251222144858.0
008 251222s9999||||xx |||||||||||||| ||spa||
020 _a9788471019080
082 _a610/M26
245 0 _aTest Amir Medicina:
250 _a1ra. ed.
264 _bMarbán, S.L.
942 _cLIB
999 _c21852
_d21852